Green tea polyphenols (Record no. 11799)

MARC details
000 -LEADER
fixed length control field 03146nam a2200373Ia 4500
001 - CONTROL NUMBER
control field CRC0KE12182PDF
003 - CONTROL NUMBER IDENTIFIER
control field BD-DhSAU
005 - DATE AND TIME OF LATEST TRANSACTION
control field 20151012144306.0
006 - FIXED-LENGTH DATA ELEMENTS--ADDITIONAL MATERIAL CHARACTERISTICS
fixed length control field m|||||o||d||||||||
007 - PHYSICAL DESCRIPTION FIXED FIELD--GENERAL INFORMATION
fixed length control field cr||||
008 - FIXED-LENGTH DATA ELEMENTS--GENERAL INFORMATION
fixed length control field 130619s2013 fluad sb 001 0 eng d
020 ## - INTERNATIONAL STANDARD BOOK NUMBER
International Standard Book Number 9781439847893 (ebook : PDF)
040 ## - CATALOGING SOURCE
Original cataloging agency BD-DhSAU
Transcribing agency BD-DhSAU
090 ## - LOCALLY ASSIGNED LC-TYPE CALL NUMBER (OCLC); LOCAL CALL NUMBER (OCLC)
Classification number (OCLC) (R) ; Classification number, CALL (RLIN) (NR) RM251
Local cutter number (OCLC) ; Book number/undivided call number, CALL (RLIN) .G74 2013
092 ## - LOCALLY ASSIGNED DEWEY CALL NUMBER (OCLC)
Classification number 615.321
Item number G795
245 00 - TITLE STATEMENT
Title Green tea polyphenols
Medium [electronic resource] :
Remainder of title nutraceuticals of modern life /
Statement of responsibility, etc. editors, Lekh R. Juneja, Mahendra P. Kapoor, Tsutomu Okubo, Theertham P. Rao.
260 ## - PUBLICATION, DISTRIBUTION, ETC. (IMPRINT)
Place of publication, distribution, etc. Boca Raton :
Name of publisher, distributor, etc. Taylor & Francis,
Date of publication, distribution, etc. 2013.
300 ## - PHYSICAL DESCRIPTION
Extent xiii, 348 p. :
Other physical details ill.
500 ## - GENERAL NOTE
General note "A CRC title."
504 ## - BIBLIOGRAPHY, ETC. NOTE
Bibliography, etc Includes bibliographical references and index.
505 0# - FORMATTED CONTENTS NOTE
Formatted contents note 1. Green tea : history, processing techniques, principles, traditions, features, and attractions / Mahendra P. Kapoor ... [et al.] -- 2. Biochemical and physicochemical characteristics of green tea polyphenols / Takashi Tanaka, Yosuke Matsuo, and Isao Kouno -- 3. Metabolism, bioavailability, and safety features of green tea polyphenols / Shiming Li and Chi-Tang Ho -- 4. Green tea polyphenols for cancer risk reduction : preclinical and epidemiological studies / Naghma Khan ... [et al.] -- 5. Chemopreventive action of green tea polyphenols (molecular-biological mechanisms) / Vijay S. Thakur and Sanjay Gupta -- 6. Green tea prevents ultraviolet radiation-induced skin cancer through rapid repair of DNA damage / Santosh K. Katiyar -- 7. Green tea polyphenols in cardiovascular diseases / Hla-Hla Htay ... [et al.] -- 8. Green tea polyphenols in weight management (obesity) and diabetes / Tadashi Sakuma ... [et al.] -- 9. Green tea polyphenols for the protection of internal organs : focus on renal damage caused by oxidative stress / Takako Yokozawa ... [et al.] -- 10. Green tea polyphenols improve bone and muscle quality / Olivier M. Dorchies and Urs T. Ruegg -- 11. role of green tea polyphenols in strengthening the immune system / Jack F. Bukowski -- 12. Green tea polyphenols in allergic remedies / Hirofumi Tachibana -- 13. Green tea polyphenols and gut health / Theertham P. Rao ... [et al.] -- 14. Green tea polyphenols in oral care / Kazuko Takada and Masatomo Hirasawa -- 15. Nutrigenomics and proteomics of tea polyphenols / Molay K. Roy and Yoshinori Mine -- 16. Green tea polyphenols in food and nonfood applications / Mahendra P. Kapoor ... [et al.].
530 ## - ADDITIONAL PHYSICAL FORM AVAILABLE NOTE
Additional physical form available note Also available in print edition.
538 ## - SYSTEM DETAILS NOTE
System details note Mode of access: World Wide Web.
650 #0 - SUBJECT ADDED ENTRY--TOPICAL TERM
Topical term or geographic name as entry element Green tea
General subdivision Therapeutic use.
650 #0 - SUBJECT ADDED ENTRY--TOPICAL TERM
Topical term or geographic name as entry element Plant polyphenols
General subdivision Health aspects.
650 #0 - SUBJECT ADDED ENTRY--TOPICAL TERM
Topical term or geographic name as entry element Functional foods.
655 #7 - INDEX TERM--GENRE/FORM
Genre/form data or focus term Electronic books.
Source of term lcsh
700 1# - ADDED ENTRY--PERSONAL NAME
Personal name Juneja, Lekh R.,
Relator term editor of compilation.
700 1# - ADDED ENTRY--PERSONAL NAME
Personal name Kapoor, Mahendra P.,
Relator term editor of compilation.
700 1# - ADDED ENTRY--PERSONAL NAME
Personal name Okubo, Tsutomu,
Relator term editor of compilation.
700 1# - ADDED ENTRY--PERSONAL NAME
Personal name Rao, Theertham,
Relator term editor of compilation.
776 1# - ADDITIONAL PHYSICAL FORM ENTRY
International Standard Book Number 9781439847886 (hardcover : alk. paper)
856 40 - ELECTRONIC LOCATION AND ACCESS
Uniform Resource Identifier <a href="http://marc.crcnetbase.com/isbn/9781439847893">http://marc.crcnetbase.com/isbn/9781439847893</a>
Electronic format type application/PDF

No items available.